Catálogo

Vista normal Vista MARC

Entrada Personal Name

Número de registros utilizados en: 4

001 - CONTROL NUMBER

  • control field: 13970

003 - CONTROL NUMBER IDENTIFIER

  • control field: DLC

005 - DATE AND TIME OF LATEST TRANSACTION

  • control field: 20230323090549.0

008 - FIXED-LENGTH DATA ELEMENTS

  • fixed length control field: 800404n| azannaabn |a aaa

010 ## - LIBRARY OF CONGRESS CONTROL NUMBER

  • LC control number: n 80039736

016 ## - NATIONAL BIBLIOGRAPHIC AGENCY CONTROL NUMBER

  • Record control number: 0058E6299E

035 ## - SYSTEM CONTROL NUMBER

  • System control number: (Uk)000498724

035 ## - SYSTEM CONTROL NUMBER

  • System control number: (OCoLC)oca00421812

040 ## - CATALOGING SOURCE

  • Original cataloging agency: DLC
  • Language of cataloging: spa
  • Description conventions: rda
  • Transcribing agency: DLC
  • Modifying agency: DLC
  • Modifying agency: GU
  • Modifying agency: OCoLC
  • Modifying agency: OClW
  • Modifying agency: Uk
  • Modifying agency: DLC
  • Modifying agency: CaOONL
  • Modifying agency: Mx-PuUPA

042 ## - AUTHENTICATION CODE

  • Authentication code: nlc

046 ## - SPECIAL CODED DATES

  • Birth date: 1889
  • Death date: 1959
  • Source of date scheme: edtf

053 #0 - LC CLASSIFICATION NUMBER

  • Classification number element--single number or beginning number of span: PR6005.O226

100 1# - HEADING--PERSONAL NAME

  • Personal name: Cole, G. D. H.,
  • Fuller form of name: (George Douglas Howard),
  • Dates associated with a name: 1889-1959,

400 1# - SEE FROM TRACING--PERSONAL NAME

  • Personal name: Kol, Dzhordzh,
  • Dates associated with a name: 1889-1959

400 1# - SEE FROM TRACING--PERSONAL NAME

  • Control subfield: nnaa
  • Personal name: Cole, George Douglas Howard,
  • Dates associated with a name: 1889-1959

500 0# - SEE ALSO FROM TRACING--PERSONAL NAME

  • Personal name: Populus,
  • Dates associated with a name: 1889-1959

670 ## - SOURCE DATA FOUND

  • Source citation: His The world of labor, 1913.

670 ## - SOURCE DATA FOUND

  • Source citation: Theories and forms of political organisation, 1932:
  • Information found: t.p. (G.D.H. Cole; M.A.; reader in economics, Univ. of Oxford; member of the Economic Advisory Council to the British government)

670 ## - SOURCE DATA FOUND

  • Source citation: World biographical index 12, WWW, Oct. 16, 2003
  • Information found: (Cole, George Douglas Howard, 1889-1959; professor, socialist, writer)

670 ## - SOURCE DATA FOUND

  • Source citation: My dear Churchill, 1941:
  • Information found: t.p. (Populus [pseudonym of G.H.D. Cole])

670 ## - SOURCE DATA FOUND

  • Source citation: University of Sheffield website, 16 June 2008:
  • Information found: Library/Left Book Collection (Cole, G.H.D. see also "Populus")